| 000 | 00519cam a22002172a 4500 | ||
|---|---|---|---|
| 001 | 024836 | ||
| 003 | AR-FADEU | ||
| 008 | 311216n1985####xxu####################dd | ||
| 020 | _a84-297-2293-9 | ||
| 092 |
_a305.55 _bR555 _eBDT |
||
| 100 | _aRiehl, Wilhelm Heinrich | ||
| 245 | _aLa sociedad burguesa | ||
| 260 | _aBarcelona | ||
| 260 | _bPenĂnsula | ||
| 260 | _c1985 | ||
| 300 | _a270 p | ||
| 440 |
_aHomo sociologicus _n33 |
||
| 500 | _aIncluye bibliografĂa | ||
| 650 | _aBURGUESIA/BDT/ | ||
| 942 | _cBDT | ||
| 999 |
_c30523 _d30523 |
||